| 000 | 01160nam a2200313 4500 | ||
|---|---|---|---|
| 003 | EC-UNACH | ||
| 005 | 20240327101534.0 | ||
| 006 | s||||gr|||| 00| 00 | ||
| 008 | 150116t9999 mx r gr 000 0 spa d | ||
| 020 | _a978-92-5-3054084 | ||
| 040 |
_aEC-UNACH _cEC-UNACH |
||
| 041 | _aspa | ||
| 082 | 0 | 4 |
_223 _a372 _bL016085 |
| 110 | _aFAO | ||
| 245 |
_aCrear y manejar un huerto escolar _bUn manual para profesores, padres y comunidades _cFAO |
||
| 250 | _aPrimera edición | ||
| 264 |
_aRoma _bFAO _c2006 |
||
| 300 |
_a198 paginas _bIlustraciones, Fotografías _c29 centímetros |
||
| 501 | _aIncluye: Prefacio, Índice, Bibliiografía | ||
| 505 | _aEn que consiste crear un huerto escolar.-- Quien nos ayudara.-- Cuales son los objetivos del huerto.-- Que necesita el huerto.-- Que cultivaremos para comer.-- Como se cultivan las plantas.-- Como se cultivan las plantas.-- Cual es el plan.-- Como continuar | ||
| 650 | _aHuertas | ||
| 650 | _aAlimentación | ||
| 650 | _aDesnutrición | ||
| 650 | _aNutrición | ||
| 942 |
_2ddc _c1 |
||
| 999 | _c12470 | ||